| 000 | 01260nam a22003137a 4500 | ||
|---|---|---|---|
| 005 | 20240530110445.0 | ||
| 008 | 150427s2010 ua g b 000 0cara d | ||
| 017 |
_a2010/21288 _bمصر . دار الكتب المصرية |
||
| 020 | _a9789774216926 | ||
| 040 | _aEG-CaGPL | ||
| 082 | 0 | 4 |
_221 _a128\ _bف ب |
| 100 | 1 |
_aفرانك ، فيليب _qفيليب فرانك |
|
| 245 | 1 | 0 |
_aبين الفيزياء و الفلسفة / _cفيليب فرانك ؛ ترجمة محمد العبد ؛ مراجعة السيد عطا |
| 250 | _aط1 | ||
| 260 |
_aالقاهرة : _bالهيئة المصرية العامة للكتاب ، _c2010 . |
||
| 300 |
_a182 ص ؛ _c24 سم |
||
| 490 | 0 | _aالالف كتاب الثانى : نافذة على الثقافة العالمية | |
| 505 | _aيشتمل على ارجاعات ببليوجرافية | ||
| 650 | 0 | 4 | _aالعلوم |
| 650 | 0 | 4 |
_aالفيزياء _xقوانين |
| 650 | 0 | 4 |
_aالفيزياء _xنظرية الكم |
| 650 | 0 | 4 | _aفلسفة الطبيعة |
| 650 | 0 | 4 |
_aالفيزياء _xنظريات |
| 650 | 0 | 4 | _aالفيزياء |
| 700 | 0 |
_aمحمد العبد _eمترجم |
|
| 700 | 0 |
_aالسيد عطا _eمراجع |
|
| 942 |
_2ddc _cBK |
||
| 999 |
_c61125 _d61125 |
||